[Event "Syre Memorial op 36th"]
[Site "Issy les Moulineaux"]
[Date "2013.05.12"]
[Round "6"]
[White "Bencheikh, Ilf"]
[Black "Calonne, Pascal"]
[Result "1-0"]
[WhiteElo "2134"]
[BlackElo "1576"]
[PlyCount "39"]
[EventDate "2013.05.08"]
[EventType "swiss"]
[EventRounds "7"]
[EventCountry "FRA"]
[SourceTitle "EXT 2015"]
[Source "ChessBase"]
[SourceDate "2014.11.20"]
[SourceVersion "1"]
[SourceVersionDate "2014.11.20"]
[SourceQuality "1"]

1. e4 c5 2. Nf3 e6 3. d4 cxd4 4. Nxd4 Nf6 5. Nc3 Bb4 6. e5 Nd5 7. Bd2 Nxc3 8. bxc3 Be7 9. Qg4 Rg8 10. Bd3 g6 11. h4 h5 12. Qg3 d6 13. exd6 Bxd6 14. Bf4 Bxf4 15. Qxf4 a6 16. Nf3 Nd7 17. 0-0 Qf6 18. Qe3 Qxc3 19. Rfe1 Nf6 20. Bb5+ 1-0

[Event "FICGS W-ch st2 g02 email"]
[Site "FICGS email"]
[Date "2011.04.03"]
[Round "1"]
[White "Bencheikh, Ilf"]
[Black "Fric, Lubos"]
[Result "1/2-1/2"]
[WhiteElo "1980"]
[BlackElo "2214"]
[PlyCount "70"]
[EventDate "2011.??.??"]
[EventType "tourn (corr)"]
[EventRounds "6"]
[SourceTitle "Corr 2013"]
[Source "ChessBase"]
[SourceDate "2012.11.12"]
[SourceVersion "1"]
[SourceVersionDate "2012.11.12"]
[SourceQuality "1"]

1. e4 c5 2. Nf3 d6 3. d4 cxd4 4. Nxd4 Nf6 5. Nc3 a6 6. h3 e6 7. g4 h6 8. Bg2 Be7 9. Be3 Nc6 10. Qe2 Nxd4 11. Bxd4 e5 12. Be3 b5 13. a3 Be6 14. 0-0-0 Rc8 15. Qd2 Nd7 16. Kb1 Nb6 17. Bf1 0-0 18. Rg1 Nc4 19. Bxc4 Rxc4 20. Nd5 Bxd5 21. Qxd5 Qc7 22. c3 Rc8 23. Rd3 a5 24. g5 hxg5 25. Bxg5 Rc5 26. Qb3 Bxg5 27. Rxg5 Kf8 28. Rf5 Qb7 29. Ka1 g6 30. Rf6 Kg7 31. Rdxd6 b4 32. f3 Qc7 33. axb4 axb4 34. Qxb4 Ra5+ 35. Kb1 Qa7 1/2-1/2

[Event "FICGS W-ch st1 g09 email"]
[Site "FICGS email"]
[Date "2011.04.01"]
[Round "1"]
[White "Ezhov, Sergey"]
[Black "Bencheikh, Ilf"]
[Result "0-1"]
[WhiteElo "1800"]
[BlackElo "1980"]
[PlyCount "40"]
[EventDate "2011.??.??"]
[EventType "tourn (corr)"]
[EventRounds "8"]
[SourceTitle "Corr 2013"]
[Source "ChessBase"]
[SourceDate "2012.11.12"]
[SourceVersion "1"]
[SourceVersionDate "2012.11.12"]
[SourceQuality "1"]

1. e4 e5 2. Nf3 Nc6 3. Bb5 a6 4. Ba4 Nf6 5. 0-0 Be7 6. Re1 b5 7. Bb3 d6 8. c3 0-0 9. d4 Bg4 10. d5 Na5 11. Bc2 Qc8 12. h3 Bd7 13. Bg5 c6 14. dxc6 Qxc6 15. Bxf6 Bxf6 16. Qd3 Nc4 17. b3 Nb6 18. Nbd2 Rac8 19. Nb1 Be7 20. g3 Bxh3 0-1

[Event "FICGS no engines 00 email"]
[Site "FICGS email"]
[Date "2010.11.14"]
[Round "1"]
[White "Parmet, Daniel Edward"]
[Black "Bencheikh, Ilf"]
[Result "1-0"]
[WhiteElo "2001"]
[BlackElo "2094"]
[PlyCount "57"]
[EventDate "2010.??.??"]
[EventType "swiss (corr)"]
[EventRounds "1"]
[SourceTitle "Corr 2013"]
[Source "ChessBase"]
[SourceDate "2012.11.12"]
[SourceVersion "1"]
[SourceVersionDate "2012.11.12"]
[SourceQuality "1"]

1. e4 e6 2. d4 d5 3. e5 c5 4. c3 Nc6 5. Nf3 Qb6 6. Be2 cxd4 7. cxd4 Nge7 8. 0-0 Nf5 9. Nc3 Nfxd4 10. Nxd4 Qxd4 11. Nb5 Qxe5 12. f4 Qb8 13. f5 Bc5+ 14. Kh1 a6 15. fxe6 Bxe6 16. Bf4 Ne5 17. Rc1 Bd6 18. Nxd6+ Qxd6 19. Qd4 f6 20. Bh5+ g6 21. Bh6 Ke7 22. Bg7 Rhf8 23. Bxf8+ Rxf8 24. Bf3 Nxf3 25. Rxf3 Bf5 26. Rb3 b5 27. Qa7+ Bd7 28. Ra3 Qf4 29. Re1+ 1-0

[Event "FICGS theme 0001 email"]
[Site "FICGS email"]
[Date "2010.09.18"]
[Round "1"]
[White "Bencheikh, Ilf"]
[Black "Friend, Reuben"]
[Result "1-0"]
[WhiteElo "2094"]
[BlackElo "1800"]
[PlyCount "101"]
[EventDate "2010.??.??"]
[EventType "swiss (corr)"]
[EventRounds "1"]
[SourceTitle "Corr 2013"]
[Source "ChessBase"]
[SourceDate "2012.11.12"]
[SourceVersion "1"]
[SourceVersionDate "2012.11.12"]
[SourceQuality "1"]

1. e4 e6 2. d4 d5 3. Nd2 Nf6 4. e5 Ng8 5. Bd3 b6 6. Nh3 Ba6 7. Bxa6 Nxa6 8. 0-0 Ne7 9. c3 Nb8 10. Nf4 g6 11. Nf3 Bg7 12. h4 Nbc6 13. Ng5 Qd7 14. Nd3 Nf5 15. Nf3 h6 16. b4 a5 17. b5 Na7 18. a4 Bf8 19. g3 Be7 20. Kg2 h5 21. Bg5 Bxg5 22. Nxg5 Nc8 23. Qe2 Nce7 24. f3 c6 25. g4 hxg4 26. fxg4 cxb5 27. gxf5 Nxf5 28. axb5 Rc8 29. Nf3 Rxc3 30. Rac1 Rxc1 31. Rxc1 Qd8 32. Qd2 Kf8 33. Nf2 Rh5 34. Qf4 a4 35. Ra1 Qc8 36. Rxa4 Qc2 37. Ra6 Kg7 38. Rxb6 Qb3 39. Ng4 Qc2+ 40. Kg1 Qd1+ 41. Kf2 Qc2+ 42. Qd2 Qxd2+ 43. Nxd2 Rxh4 44. Nf6 Rh2+ 45. Ke1 Nxd4 46. Rb7 Rh1+ 47. Nf1 Nf3+ 48. Ke2 Nxe5 49. Ne8+ Kf8 50. Nd6 Rh4 51. Nd2 1-0

[Event "FICGS theme 0001 email"]
[Site "FICGS email"]
[Date "2010.09.18"]
[Round "1"]
[White "Pipac, Darko"]
[Black "Bencheikh, Ilf"]
[Result "0-1"]
[WhiteElo "1372"]
[BlackElo "2094"]
[PlyCount "52"]
[EventDate "2010.??.??"]
[EventType "swiss (corr)"]
[EventRounds "1"]
[SourceTitle "Corr 2013"]
[Source "ChessBase"]
[SourceDate "2012.11.12"]
[SourceVersion "1"]
[SourceVersionDate "2012.11.12"]
[SourceQuality "1"]

1. e4 e6 2. d4 d5 3. Nc3 Nc6 4. Bb5 dxe4 5. Nxe4 Qd5 6. Bxc6+ Qxc6 7. Qf3 Qxc2 8. Ne2 Be7 9. 0-0 Nf6 10. Nc5 Bxc5 11. dxc5 Qxc5 12. Be3 Qf5 13. Qxf5 exf5 14. Rac1 c6 15. Bc5 Be6 16. b3 Ne4 17. Nf4 Nxc5 18. Rxc5 0-0-0 19. Re1 Rd2 20. g3 Rxa2 21. Nxe6 fxe6 22. Rxe6 g6 23. b4 Rb2 24. b5 Rxb5 25. Rxb5 cxb5 26. Kf1 b4 0-1

[Event "FICGS W-ch st1 g08 email"]
[Site "FICGS email"]
[Date "2010.07.02"]
[Round "1"]
[White "Bencheikh, Ilf"]
[Black "Simmelink, Joop Theo"]
[Result "1-0"]
[WhiteElo "1938"]
[BlackElo "2164"]
[PlyCount "89"]
[EventDate "2010.??.??"]
[EventType "tourn (corr)"]
[EventRounds "6"]
[SourceTitle "Corr 2013"]
[Source "ChessBase"]
[SourceDate "2012.11.12"]
[SourceVersion "1"]
[SourceVersionDate "2012.11.12"]
[SourceQuality "1"]

1. e4 e5 2. Nf3 Nc6 3. d4 exd4 4. Nxd4 Nf6 5. Nxc6 bxc6 6. e5 Qe7 7. Qe2 Nd5 8. c4 Nb6 9. Nc3 Qe6 10. Qe4 d5 11. exd6 Bxd6 12. Bd2 0-0 13. 0-0-0 f5 14. Qxe6+ Bxe6 15. b3 Rae8 16. Bd3 Nd7 17. Bc2 Ne5 18. Rhe1 Ng4 19. Re2 Nxh2 20. f3 Rf6 21. Rh1 Kf7 22. c5 Bg3 23. Re3 Bf4 24. Kb2 Bxe3 25. Bxe3 Nxf3 26. gxf3 Kg8 27. Bf4 Rf7 28. Ne2 Rd7 29. Kc3 Rd5 30. b4 a5 31. a3 axb4+ 32. axb4 Ra8 33. Bc1 Re5 34. Nd4 Bd5 35. Bxf5 g6 36. Bd3 Ra1 37. Bc4 Bxc4 38. Kxc4 Ra6 39. Bf4 Re7 40. Bh6 Re5 41. Rg1 Kf7 42. Rg4 Ke7 43. Re4 Rxe4 44. fxe4 Kf6 45. Bf4 1-0

[Event "FICGS W-ch st1 g08 email"]
[Site "FICGS email"]
[Date "2010.07.02"]
[Round "1"]
[White "Koenig, Paul"]
[Black "Bencheikh, Ilf"]
[Result "0-1"]
[WhiteElo "1730"]
[BlackElo "1938"]
[PlyCount "86"]
[EventDate "2010.??.??"]
[EventType "tourn (corr)"]
[EventRounds "6"]
[SourceTitle "Corr 2013"]
[Source "ChessBase"]
[SourceDate "2012.11.12"]
[SourceVersion "1"]
[SourceVersionDate "2012.11.12"]
[SourceQuality "1"]

1. c4 e5 2. Nc3 Nf6 3. Nf3 Nc6 4. g3 d5 5. cxd5 Nxd5 6. Bg2 Nb6 7. d3 Be7 8. 0-0 0-0 9. Be3 Bg4 10. Rc1 Re8 11. Nd2 Qd7 12. Re1 Rab8 13. Nb3 Nd4 14. Ne4 c6 15. Nec5 Bxc5 16. Nxc5 Qd6 17. f3 Bh5 18. Bf2 f6 19. e3 Ne6 20. Nxe6 Qxe6 21. a3 Rbd8 22. e4 Rd6 23. Rc3 Nd7 24. Qa4 Ra8 25. f4 a5 26. Qb3 Qxb3 27. Rxb3 b5 28. Rc3 b4 29. axb4 axb4 30. Rc4 Rxd3 31. Rxb4 Rd2 32. Bf1 Rb8 33. Rxb8+ Nxb8 34. b4 Nd7 35. Be3 Rd1 36. Rxd1 Bxd1 37. b5 cxb5 38. Bxb5 Bg4 39. f5 Nf8 40. Bc4+ Kh8 41. Bc5 Nd7 42. Be7 Nb6 43. Ba6 Bd1 0-1

[Event "FICGS unrated 00000 email"]
[Site "FICGS email"]
[Date "2010.06.20"]
[Round "1"]
[White "Bencheikh, Ilf"]
[Black "Parmet, Daniel Edward"]
[Result "1/2-1/2"]
[WhiteElo "2094"]
[BlackElo "2001"]
[PlyCount "77"]
[EventDate "2010.??.??"]
[EventType "swiss (corr)"]
[EventRounds "1"]
[SourceTitle "Corr 2013"]
[Source "ChessBase"]
[SourceDate "2012.11.12"]
[SourceVersion "1"]
[SourceVersionDate "2012.11.12"]
[SourceQuality "1"]

1. d4 Nf6 2. c4 g6 3. Nc3 Bg7 4. e4 d6 5. Nf3 0-0 6. Be2 e5 7. 0-0 Nc6 8. d5 Ne7 9. b4 Nh5 10. Re1 f5 11. Ng5 Nf6 12. Bf3 c6 13. Be3 cxd5 14. exd5 h6 15. Ne6 Bxe6 16. dxe6 e4 17. Be2 Ng4 18. Bd4 Ne5 19. Nd5 Nxd5 20. cxd5 Qg5 21. Rc1 Rfc8 22. Rxc8+ Rxc8 23. g3 f4 24. Bxa7 Ra8 25. Bb6 Rxa2 26. Qb1 fxg3 27. hxg3 Qd2 28. Qc1 Qxd5 29. e7 Kf7 30. Qc8 Qc6 31. e8Q+ Qxe8 32. Qxb7+ Kg8 33. Qxe4 Kh7 34. Qd5 Rb2 35. b5 Ng4 36. Kf1 Nf6 37. Qxd6 Ne4 38. Qd3 Qe6 39. Qe3 1/2-1/2

[Event "FICGS unrated 00000 email"]
[Site "FICGS email"]
[Date "2010.06.20"]
[Round "1"]
[White "Bencheikh, Ilf"]
[Black "Salinas, Marcelo"]
[Result "1-0"]
[WhiteElo "2094"]
[BlackElo "1608"]
[PlyCount "69"]
[EventDate "2010.??.??"]
[EventType "swiss (corr)"]
[EventRounds "1"]
[SourceTitle "Corr 2013"]
[Source "ChessBase"]
[SourceDate "2012.11.12"]
[SourceVersion "1"]
[SourceVersionDate "2012.11.12"]
[SourceQuality "1"]

1. d4 e6 2. c4 Qf6 3. Nf3 Bb4+ 4. Bd2 c5 5. Bxb4 cxb4 6. e3 Nc6 7. Bd3 d5 8. 0-0 Nge7 9. Nbd2 0-0 10. Rc1 a5 11. Nb3 b6 12. a4 Ba6 13. cxd5 Bxd3 14. Qxd3 exd5 15. Rc2 Qf5 16. Qxf5 Nxf5 17. Rxc6 Rab8 18. Ne5 Rfd8 19. Rfc1 f6 20. Nd3 Nd6 21. Nd2 Rbc8 22. Rxb6 Ne4 23. Nxe4 Rxc1+ 24. Nxc1 dxe4 25. Nb3 Rc8 26. Nc5 h6 27. Ra6 Kh7 28. Rxa5 Kg6 29. Rb5 h5 30. Rxb4 f5 31. a5 f4 32. a6 f3 33. a7 Ra8 34. Rb7 fxg2 35. Na6 1-0

[Event "FICGS unrated 00000 email"]
[Site "FICGS email"]
[Date "2010.06.20"]
[Round "1"]
[White "Ellis, Maurice"]
[Black "Bencheikh, Ilf"]
[Result "0-1"]
[WhiteElo "1844"]
[BlackElo "2094"]
[PlyCount "36"]
[EventDate "2010.??.??"]
[EventType "swiss (corr)"]
[EventRounds "1"]
[SourceTitle "Corr 2013"]
[Source "ChessBase"]
[SourceDate "2012.11.12"]
[SourceVersion "1"]
[SourceVersionDate "2012.11.12"]
[SourceQuality "1"]

1. d4 Nf6 2. c4 c5 3. d5 e5 4. Nc3 d6 5. e4 Be7 6. Nge2 h5 7. h3 h4 8. Ng1 Nbd7 9. Nf3 Nf8 10. a3 Ng6 11. Be2 Nh7 12. 0-0 Ng5 13. Ne1 0-0 14. Nd3 Bf6 15. Qc2 Bd7 16. b4 b6 17. Rb1 Re8 18. Re1 Qc7 0-1

[Event "FICGS rapid A 000077 email"]
[Site "FICGS email"]
[Date "2010.02.26"]
[Round "1"]
[White "Panov, Dmitry"]
[Black "Bencheikh, Ilf"]
[Result "1-0"]
[WhiteElo "1965"]
[BlackElo "2098"]
[PlyCount "99"]
[EventDate "2010.??.??"]
[EventType "tourn (rapid)"]
[EventRounds "6"]
[SourceTitle "Corr 2013"]
[Source "ChessBase"]
[SourceDate "2012.11.12"]
[SourceVersion "1"]
[SourceVersionDate "2012.11.12"]
[SourceQuality "1"]

1. e4 e6 2. d4 d5 3. e5 c5 4. c3 Nc6 5. Nf3 Qb6 6. a3 c4 7. Qc2 Na5 8. Nbd2 Bd7 9. Be2 Ne7 10. 0-0 Nc8 11. Bd1 Qc7 12. a4 Nb6 13. b4 cxb3 14. Nxb3 Nbc4 15. Nxa5 Nxa5 16. Ba3 Bxa3 17. Rxa3 b5 18. axb5 Bxb5 19. Re1 Nc4 20. Ra1 h6 21. Nd2 0-0 22. Nb3 a5 23. Qd3 Qc6 24. Bc2 g6 25. Qg3 Qe8 26. h4 a4 27. Nc5 h5 28. Reb1 a3 29. Ra2 Bc6 30. Rba1 Ra7 31. Bd3 Qa8 32. Qg5 Re8 33. Kh2 Qd8 34. Qxd8 Rxd8 35. Bxc4 dxc4 36. Rxa3 Rxa3 37. Rxa3 Rb8 38. Ra2 Rb1 39. Kg3 Rc1 40. Ra3 Rc2 41. f3 Rb2 42. Ra7 Rc2 43. Rc7 Bd5 44. Nd7 Rxc3 45. Kf4 Rc2 46. Nf6+ Kg7 47. g4 Ra2 48. Nxd5 exd5 49. gxh5 gxh5 50. Rd7 1-0

[Event "FICGS class A 000066 email"]
[Site "FICGS email"]
[Date "2010.02.17"]
[Round "1"]
[White "Bencheikh, Ilf"]
[Black "Riha, Josef"]
[Result "1/2-1/2"]
[WhiteElo "2098"]
[BlackElo "2034"]
[PlyCount "113"]
[EventDate "2010.??.??"]
[EventType "tourn (corr)"]
[EventRounds "6"]
[SourceTitle "Corr 2013"]
[Source "ChessBase"]
[SourceDate "2012.11.12"]
[SourceVersion "1"]
[SourceVersionDate "2012.11.12"]
[SourceQuality "1"]

1. d4 Nf6 2. Bg5 e6 3. e3 c5 4. Nd2 cxd4 5. exd4 Be7 6. Ngf3 b6 7. c3 Bb7 8. Bd3 d6 9. 0-0 Nbd7 10. h3 0-0 11. a4 Nd5 12. Bxe7 Qxe7 13. g3 N7f6 14. Ng5 h6 15. Nge4 e5 16. Qb3 Qd7 17. Kh2 Bc8 18. Nxf6+ Nxf6 19. g4 Bb7 20. Rfe1 Rae8 21. Ne4 Nxe4 22. Bxe4 Bxe4 23. Rxe4 exd4 24. Rxd4 Re2 25. Kg3 Qe7 26. Qb5 Re8 27. Rb1 Rxf2 28. Qxe8+ Qxe8 29. Kxf2 Qe5 30. Rh1 f5 31. Kf3 Kh7 32. Kf2 a6 33. Kf3 d5 34. Kf2 a5 35. Kf3 g5 36. gxf5 Qxf5+ 37. Kg3 Qe5+ 38. Kf2 Qe6 39. h4 g4 40. Rhd1 Qf6+ 41. Kg1 Qxh4 42. Rxd5 Qg3+ 43. Kf1 Qf3+ 44. Kg1 Kg6 45. R1d3 Qe4 46. R5d4 Qe1+ 47. Kg2 Kg5 48. Rd2 h5 49. Rd5+ Kh4 50. R5d4 Qe5 51. Rd5 Qg3+ 52. Kh1 Qf3+ 53. Kg1 Qe4 54. R5d4 Qb1+ 55. Kg2 Qe1 56. Rf2 Qe6 57. Rfd2 1/2-1/2